[Event "Croatian junior league 2021"]
[Site "Rabac"]
[Date "2021.04.10"]
[Round "9.15"]
[White "Sagovac, Kristijan"]
[Black "Baric, Marko"]
[Result "1-0"]
[WhiteElo "1920"]
[BlackElo "1936"]
[Annotator "TA"]
[PlyCount "197"]
[EventDate "2021.04.06"]
[EventType "swiss"]
[EventCountry "CRO"]
[SourceTitle "playchess.com"]
[Source "ChessBase"]
[SourceQuality "1"]

{[%evp 20,197,0,0,32,12,22,17,33,50,50,40,14,30,42,0,0,-10,32,0,0,-66,0,0,14,-8,-8,-16,-16,-49,-33,-102,-109,-102,-100,-85,-34,-49,0,-929,-929,-921,-921,-921,-916,-906,-808,-812,0,-906,-900,-866,-855,-838,-797,-753,-753,-629,-246,-256,0,-12,0,0,0,0,0,0,0,0,8,8,17,31,145,145,535,202,135,0,737,8,421,395,314,0,0,6,447,447,447,447,447,0,3832,0,3936,2113,645,387,387,387,387,387,387,387,387,387,387,363,363,363,363,363,363,363,363,312,312,312,29956,29958,29965,29963,29960,29953,29989,6189,6189,6189,6173,6148,6148,6133,6119,6118,6104,6090,6090,6083,6068,5956,6004,5977,5963,5956,5125,0,5956,5948,9011,7445,29949,29948,29963,29965,29954,29964,29964,29963,29967,29964,29969,29974,29973,29974,29974,29970,29966,29969,29960,5147,5132,5124,5117,5117,29991,29992,29992,29993]} 1. e4 c5 2. Nf3 Nc6 3. d4 cxd4 4. Nxd4 g6 5. Be3 Nf6 6. Nc3 Bg7 7. Be2 O-O 8. O-O d6 9. h3 a6 10. a4 Bd7 11. Qd2 Nxd4 {B73: Sicilian Dragon: Classical System without 9 Nb3.} 12. Bxd4 (12. Qxd4 Ng4 $1 $15) 12... Bc6 13. Qe3 Nd7 {The position is equal.} 14. Bxg7 Kxg7 {[#]} 15. b4 $146 ({Predecessor:} 15. a5 Qc7 16. f4 Rae8 17. Bg4 Nf6 18. Bf3 Nd7 19. Qd2 Rd8 20. Rfd1 Rfe8 21. Ne2 {½-½ (44) Braennstroem,S-Vogler,U Germany 1992}) 15... b6 16. Qd4+ Kg8 17. f4 (17. Bxa6 $5 Bxe4 18. Nxe4 Rxa6 19. f4 $14) 17... Qc7 18. f5 Nf6 19. fxg6 (19. Rae1 {seems wilder.} Bb7 20. Bd3 Rac8 21. Nd5 Bxd5 22. exd5 Qc3 23. Qxc3 Rxc3 24. Rxe7 Nxd5 25. Rb7) 19... hxg6 20. g4 ({White should play} 20. Bc4 $11) 20... b5 (20... Nd7 $15) 21. axb5 $11 Bxb5 22. Bxb5 axb5 23. Rxa8 (23. Nxb5 Qxc2 24. Rac1 Qxe4 $17) 23... Rxa8 24. g5 (24. Nxb5 Qxc2 25. Qf2 Qd3 $17) 24... Nh5 25. Qd5 Qa7+ $1 $17 26. Kg2 e6 27. Qd3 Qb6 (27... Rc8 $17 28. Nxb5 Qe7) 28. Nxb5 $15 {[#]} Ra1 $1 29. Rf2 {[%mdl 8192] [#]} (29. Nxd6 $2 Nf4+ $1 {[%mdl 512]} 30. Rxf4 Qg1+ 31. Kf3 Rf1+ 32. Qxf1 Qxf1+ 33. Kg4 Qg1+ 34. Kf3 Qd1+ 35. Kg3 Qxd6 $19) (29. Qd4 $11 Ra6 30. Qxb6 Rxb6 31. c4) (29. Qxd6 Qxb5) 29... Nf4+ $1 $19 {[%mdl 512]} 30. Rxf4 Qg1+ 31. Kf3 Rf1+ 32. Ke2 Re1+ 33. Kf3 Rf1+ 34. Ke2 $1 Qg2+ 35. Ke3 Qg3+ 36. Kd4 Qxf4 {[%mdl 4096] Endgame KQR-KQN} 37. Kc4 d5+ {[%mdl 64] Double Attack} 38. Kc5 Rc1 $2 (38... Rf3 39. Qd4 dxe4) 39. exd5 Qxg5 $2 (39... Qf2+ $1 $19 40. Nd4 e5 {[%mdl 64] Pin}) 40. Nc7 exd5 41. Nxd5 Re1 42. b5 Re6 43. c4 Qe5 44. b6 Qd6+ 45. Kb5 {Black must now prevent Nf6+!} Qc6+ 46. Kb4 Kh7 {[#]} (46... Re5 $1 $14) 47. Qd4 $1 $16 {[%cal Rd4c5][%mdl 1024] Strongly threatening Qc5. White has strong compensation.} Rd6 $2 {[%mdl 8192]} (47... Qb7 $16 48. c5 Kg8 49. Nf6+ Kf8) 48. Qh4+ $2 (48. Qc5 {And now Qxc6 would win.} Qd7 49. Qc7) 48... Kg7 $18 49. Qd4+ (49. Qe7 $16 Rd7 50. Qe3) 49... f6 $2 {[%mdl 8192]} (49... Kh7 $11 50. Qc5 Qd7) 50. Qe4 $2 (50. Qc5 $18 {Qxc6 is the strong threat.} Qd7 51. Qc7 Rxb6+ 52. Qxb6) 50... Re6 {[%mdl 8192]} (50... Qb7 $1 $11 {and Black has nothing to worry.} 51. Qe3 Kf7) 51. Qf4 Re5 {[#]} 52. h4 $2 (52. Qf2 $1 $18) 52... Qd6+ $11 53. Ka4 (53. Kb3 {is interesting.} Qc6 54. Qd4 Qd6 55. Qf4) 53... Rxd5 $4 {[%mdl 8192]} (53... Qc6+ $11 {and Black stays safe.} 54. Kb3 Rxd5 55. cxd5 Qxb6+ 56. Kc4 Qa6+ 57. Kc5 Qa7+ 58. Kb5 Qd7+ 59. Kc5 Qa7+ 60. Kb4 Qb6+ 61. Kc4 Qa6+ 62. Kc5 Qa7+) 54. Qxd6 $18 {[%mdl 64] Overworked Piece} Rxd6 $11 {KR-K3P} 55. c5 Rd1 56. b7 $2 (56. c6 $18 {Threatens to win with c7.} Rc1 57. c7) 56... g5 $2 {[%mdl 8192]} (56... Ra1+ $11 57. Kb5 Rb1+ 58. Ka6 Ra1+ 59. Kb6 Rb1+ 60. Kc7 f5) 57. hxg5 $2 (57. b8=Q Ra1+ 58. Kb5 Rb1+ 59. Ka5 Rxb8 60. hxg5 fxg5 61. c6 g4 62. Ka6 g3 63. c7 Rh8 64. Kb7 g2 65. c8=Q Rxc8 66. Kxc8 g1=Q 67. Kc7 Qc5+ 68. Kb8 Kf6 69. Ka8 Qb5 70. Ka7 Ke6 71. Ka8 Kd7 72. Ka7 Kc8 73. Ka8 Qb8#) (57. c6 $18 Rc1 58. Ka3 (58. b8=Q $2 Ra1+ 59. Kb4 Rb1+ {[%mdl 64] Skewer} 60. Kc5 Rxb8 $19)) 57... fxg5 $2 $18 {[%mdl 8192] KR-KPP} (57... Ra1+ $11 58. Kb5 Rb1+ 59. Ka6 Ra1+ 60. Kb6 Rb1+ 61. Kc7 fxg5) 58. c6 (58. b8=Q {is a self mate.} Ra1+ 59. Kb5 Rb1+ 60. Ka6 Rxb8 61. c6 Rg8 62. Kb7 g4 63. c7 g3 64. c8=Q Rxc8 65. Kxc8 g2 66. Kc7 g1=Q 67. Kd6 Qg5 68. Kc6 Qa5 69. Kb7 Kf7 70. Kc8 Qb6 71. Kd7 Qc5 72. Kd8 Ke6 73. Ke8 Qe7#) 58... Rc1 59. c7 (59. b8=Q Ra1+ 60. Kb3 Rb1+ 61. Kc3 Rxb8 62. Kd4 Re8 63. c7 g4 64. Kc5 g3 65. Kd6 g2 66. Kd7 Kf7 67. c8=Q Rxc8 68. Kxc8 g1=Q 69. Kc7 Qc5+ 70. Kb8 Ke6 71. Ka8 Qb5 72. Ka7 Kd7 73. Ka8 Kc7 74. Ka7 Qb7#) 59... Rxc7 60. b8=Q {KQ-KR} Rf7 61. Qg3 Kg6 62. Kb3 Rf4 63. Kc2 Kf5 64. Kd2 g4 65. Ke2 Kg5 66. Qe3 Kf5 {intending ...Re4.} 67. Qc5+ Kg6 68. Ke3 Rf5 69. Qe7 Rf6 $2 (69... Rf3+ $18 70. Kd4 Kh5) 70. Ke4 Rf1 71. Qh4 Rg1 72. Qh2 Rc1 73. Kf4 (73. Qd6+ $142 Kg7 74. Qe5+ Kh7 75. Qh5+ Kg8 76. Qg5+ Kh7 77. Qxc1 Kg6 78. Ke5) 73... Rc4+ 74. Kg3 {Threatening mate with Qe2.} Kf5 75. Qh7+ Ke5 76. Qg7+ Kd5 77. Qg5+ Kd6 78. Qf6+ Kd5 79. Qf5+ Kd6 80. Qb5 Rd4 81. Kh4 Re4 82. Qf5 Rd4 83. Kg3 $2 ({White should try} 83. Qa5 $18 Kc6 84. Qc3+ Kd5 85. Qc7) 83... Kc6 $2 {[%mdl 8192]} (83... Rc4 $11 84. Kf2 Kc6) 84. Kf2 Kd6 85. Ke3 Rc4 86. Kd3 Ra4 87. Qb5 Ra3+ 88. Ke4 Rf3 89. Qe5+ Kc6 90. Qe6+ Kc5 91. Qxg4 Rc3 92. Qc8+ Kb4 93. Qb7+ Kc5 94. Qc7+ Kb4 95. Qb6+ Kc4 96. Qd4+ Kb3 97. Qd1+ Kc4 98. Qa4+ Kc5 99. Qd4+ {[%mdl 64] Double Attack. Never resign too early!  Weighted Error Value: White=0.85/Black=0.88} 1-0

[Event "Croatian junior league 2021"]
[Site "Rabac"]
[Date "2021.04.10"]
[Round "9.16"]
[White "Denic, Marin"]
[Black "Dumancic, Simun"]
[Result "0-1"]
[WhiteElo "1914"]
[BlackElo "1883"]
[Annotator "TA"]
[PlyCount "98"]
[EventDate "2021.04.06"]
[EventType "swiss"]
[EventCountry "CRO"]
[SourceTitle "playchess.com"]
[Source "ChessBase"]
[SourceQuality "1"]

{[%evp 20,98,64,57,55,20,27,0,9,0,0,0,0,0,10,0,22,14,6,-23,-14,-23,0,-3,34,0,0,0,39,-50,-14,-24,-10,-58,-41,-45,-27,-15,-20,-155,-151,-181,-173,-167,-173,-162,-160,-167,-167,-168,-16,-316,-314,-318,-316,-317,-318,-447,-447,-677,-677,-677,-673,-712,-708,-822,-808,-759,-759,-744,-683,-683,-671,-661,-656,-717,-702,-733,-724,-742,-731]} 1. e4 c5 2. Nf3 Nc6 3. d4 cxd4 4. Nxd4 g6 5. Nc3 Bg7 6. Be3 Nf6 7. Bc4 O-O 8. Bb3 a5 9. O-O a4 10. Nxa4 Nxe4 11. Nb5 {Hoping for Bb6.} Ra6 {B35: Sicilian: Accelerated Dragon with 5 Nc3: main line.} 12. f3 Nf6 13. Nac3 d6 {The position is equal.} 14. Qe2 Na5 15. Rad1 Nxb3 16. axb3 Bd7 17. Rfe1 {[#]} Bc6 $146 ({Predecessor:} 17... Re8 18. b4 h6 19. Na3 Qc7 20. b5 Rxa3 21. bxa3 Qxc3 22. Bd4 Qxa3 23. c4 Be6 {0-1 (51) Sat,E (1745)-Altun,A (1955) Konya 2018}) 18. Bf2 Re8 19. Nd4 Ra8 {[%cal Ba6a8,Ba8c8,Bc8c6][%mdl 32]} 20. b4 Rc8 21. Nxc6 Rxc6 22. Qb5 Qd7 23. Bd4 Rec8 24. Qe2 (24. Bxf6 $14 Bxf6 25. Nd5) 24... e6 25. Qd3 d5 26. Qb5 Ne8 27. Bxg7 Nd6 28. Qd3 {And now Bd4 would win.} Kxg7 29. Qd4+ {[#]} (29. Na4 $11) 29... Kg8 $1 $17 30. Ra1 Rc4 31. Qb6 Qc7 32. Qxc7 R8xc7 33. Ra8+ {[#]} Kg7 $1 34. Rd8 Nf5 (34... R7c6 $19 35. Re2 Rxb4) 35. b5 $2 {[%mdl 8192] Now White is beyond hope.} (35. Nb5 $1 $11 {and White is okay.} Rc8 36. Rxc8 Rxc8 37. c3) 35... d4 $19 36. b6 Rc8 37. Rxc8 Rxc8 {[%mdl 4096] Endgame KRN-KRN} 38. Ne2 (38. Ne4 $142 Rxc2 39. b3) 38... Rxc2 {Black is clearly winning.} 39. g4 (39. Nf4 $142 Ne3 40. g3) 39... Nh4 40. Nxd4 Rd2 41. Nxe6+ fxe6 42. Rxe6 Nxf3+ {[%mdl 64] Double Attack. KRN-KR} 43. Kf1 Nxh2+ 44. Ke1 Nf3+ 45. Kf1 Kf7 46. Re3 Nd4 47. Rc3 Nc6 48. b4 Rb2 49. Rh3 Kg8 {Weighted Error Value: White=0.49/Black=0.14} 0-1

[Event "Croatian junior league 2021"]
[Site "Rabac"]
[Date "2021.04.10"]
[Round "9.17"]
[White "Levacic, Matej"]
[Black "Colev, Ivor"]
[Result "1-0"]
[WhiteElo "2144"]
[BlackElo "1847"]
[Annotator "TA"]
[PlyCount "99"]
[EventDate "2021.04.06"]
[EventType "swiss"]
[EventCountry "CRO"]
[SourceTitle "playchess.com"]
[Source "ChessBase"]
[SourceQuality "1"]

{[%evp 9,99,29,31,30,18,21,15,0,14,0,18,0,18,11,23,15,59,59,70,72,72,50,51,52,70,53,111,96,118,88,84,60,102,98,134,125,135,131,125,87,89,89,89,82,82,82,90,82,82,82,82,82,81,47,121,81,122,93,91,94,125,123,295,285,285,286,287,271,291,214,425,421,756,760,742,750,730,718,718,718,943,1018,1041,1017,899,630,620,625,595,586,29993,29992]} 1. d4 f5 2. g3 Nf6 3. Bg2 e6 4. Nh3 d5 5. Nf4 Bd6 6. O-O {A81: Dutch Defence: 2 g3.} O-O {[#]} 7. b3 $146 ({Predecessor:} 7. Nd2 Bxf4 8. gxf4 c6 9. Nf3 Nbd7 10. Ne5 Qe8 11. a4 Nxe5 12. fxe5 Nd7 13. Ra3 b6 14. Rg3 {1-0 (14) Mamedjarova,Z (2236)-Balajayeva,K (2180) Nakhchivan 2016}) 7... c6 8. Nd3 {The position is equal.} Qe7 9. Bf4 Ne4 10. Nd2 {[%cal Bb1d2,Bd2f3,Bf3e5][%mdl 32]} Nd7 11. Bxd6 Nxd6 12. Nf3 Nf6 13. Nfe5 Bd7 14. c4 Nf7 15. Qc2 Nxe5 16. Nxe5 Rfc8 17. c5 b5 (17... Be8 $14) 18. a4 a6 19. axb5 axb5 20. Ra2 Be8 21. Rfa1 Qb7 22. Ra5 Rxa5 23. Rxa5 Ra8 24. Qa2 Rxa5 25. Qxa5 Qc8 26. e3 Nd7 27. Nd3 Kf8 28. f3 Bg6 29. Qa7 Bf7 30. Bf1 Be8 31. Nb4 Nb8 (31... e5 $14) 32. Bd3 Bd7 33. Qa8 Kf7 34. e4 Kf6 35. Qa7 Kf7 $2 {Loses the game.} (35... g6 $16 36. e5+ Ke7) 36. exf5 exf5 37. Bxf5 Kf6 38. Bd3 h5 39. Qa2 Qe8 $2 (39... Kf7 {might work better.} 40. Qa7 Kf6) 40. Qd2 $18 {[#] aiming for Qf4+.} g5 (40... Kf7 $142 41. Kf2 Kg8) 41. h4 Qg8 42. Qe3 gxh4 43. Qe5+ {[%mdl 64] [#] Double Attack} Kf7 44. Qxh5+ {[%mdl 64] Double Attack} Kf8 45. Qxh4 Qg7 46. Qf4+ Ke7 47. Nc2 Na6 48. Ne3 Kd8 49. Nf5 Nb4 50. Nxg7 {Weighted Error Value: White=0.19/Black=0.39} 1-0

[Event "Croatian junior league 2021"]
[Site "Rabac"]
[Date "2021.04.10"]
[Round "9.18"]
[White "Perko, Bartol"]
[Black "Ljubicic, Mario"]
[Result "1/2-1/2"]
[WhiteElo "1766"]
[BlackElo "2036"]
[Annotator "TA"]
[PlyCount "54"]
[EventDate "2021.04.06"]
[EventType "swiss"]
[EventCountry "CRO"]
[SourceTitle "playchess.com"]
[Source "ChessBase"]
[SourceQuality "1"]

{[%evp 9,54,14,32,19,47,47,56,52,52,30,54,45,89,-16,50,0,0,-1,14,24,77,18,89,45,74,-35,12,18,58,8,20,28,79,46,79,50,58,0,0,0,0,0,39,40,47,39,56]} 1. c4 e5 2. Nc3 Nf6 3. g3 g6 4. Bg2 Bg7 5. e4 O-O 6. Nge2 {A24: English Opening vs King's Indian: Lines without ...Nc6.} b6 7. O-O Bb7 8. d3 d6 9. h3 Nc6 {[%cal Bb8c6,Bc6d4,Bd4e2][%mdl 32]} 10. f4 exf4 {[#]} 11. gxf4 $146 (11. Bxf4 $16 Ne5 12. b3) ({Predecessor:} 11. Bxf4 Qd7 12. Kh2 Rae8 13. Qd2 Nh5 14. Bh6 Bxh6 15. Qxh6 f5 16. exf5 Rxf5 17. Be4 Rxf1 18. Rxf1 {1-0 (37) Pauly,M (1925)-Mohm,M Heimbach Weis 1997}) 11... Nd7 (11... Nh5 $11) 12. f5 Nd4 13. Be3 Nxe2+ 14. Qxe2 Qe7 (14... c5 $11) 15. Qd2 (15. Nd5 $16 Qd8 16. Qf2) 15... Rfe8 (15... c5 $11) 16. Rad1 Kh8 17. Bh6 ({Better is} 17. d4 $16) 17... Bd4+ 18. Kh1 {White wants to play Nb5.} a6 19. Nd5 Bxd5 20. cxd5 a5 (20... gxf5 $11 {remains equal.} 21. Rxf5 Rg8) 21. fxg6 fxg6 22. Bg5 Bf6 23. Bxf6+ (23. Bf4 $14) 23... Nxf6 $11 24. Qc3 Rf8 25. Rf2 Kg7 26. Rdf1 Rae8 27. Kg1 h6 {Weighted Error Value: White=0.35/Black=0.30} 1/2-1/2

[Event "Croatian junior league 2021"]
[Site "Rabac"]
[Date "2021.04.10"]
[Round "9.19"]
[White "Mijic, Karlo"]
[Black "Poljan, Max"]
[Result "0-1"]
[WhiteElo "1599"]
[BlackElo "1573"]
[Annotator "NA RC"]
[PlyCount "68"]
[EventDate "2021.04.06"]
[EventType "swiss"]
[EventCountry "CRO"]
[SourceTitle "playchess.com"]
[Source "ChessBase"]
[SourceQuality "1"]
[TimeControl "5400+30"]

1. e4 {[%emt 0:05:48]} c5 {[%emt 0:00:00]} 2. Nf3 {[%emt 0:00:03]} e6 {[%emt 0:00:00]} 3. b3 {[%emt 0:00:03]} d6 {[%emt 0:00:00]} 4. Bb2 {[%emt 0:00:16]} Nc6 {[%emt 0:00:00]} 5. Bb5 {[%emt 0:00:52]} Bd7 {[%emt 0:00:33]} 6. O-O {[%emt 0:03:51]} a6 {[%emt 0:00:22]} 7. Bd3 {[%emt 0:04:39]} b5 {[%emt 0:05:53]} 8. Re1 {[%emt 0:00:48]} Qc7 {[%emt 0:10:34]} 9. Bf1 {[%emt 0:05:54]} Nf6 {[%emt 0:03:08]} 10. g3 {[%emt 0:07:27]} Be7 {[%emt 0:02:34]} 11. Bg2 {[%emt 0:00:08]} O-O {[%emt 0:01:13]} 12. e5 {[%emt 0:00:04]} dxe5 {[%emt 0:02:01]} 13. Nxe5 {[%emt 0:00:08]} Rac8 {[%emt 0:02:41]} 14. Nxd7 {[%emt 0:01:33]} Qxd7 {[%emt 0:00:30]} 15. Nc3 {[%emt 0:04:58]} Rfd8 {[%emt 0:07:06]} 16. d3 {[%emt 0:00:15]} Nd4 {[%emt 0:03:53]} 17. a4 {[%emt 0:02:11]} b4 {[%emt 0:02:08]} 18. Rc1 {[%emt 0:04:49]} bxc3 {[%emt 0:02:40]} 19. Bxc3 {[%emt 0:00:13]} Nd5 {[%emt 0:01:03]} 20. Ba5 {[%emt 0:01:18]} Re8 {[%emt 0:00:21]} 21. Be4 {[%emt 0:00:08]} Bg5 {[%emt 0:01:02]} 22. f4 {[%emt 0:00:14]} Bf6 {[%emt 0:00:10]} 23. Bd2 {[%emt 0:01:53]} Nf5 {[%emt 0:03:38]} 24. Qf3 {[%emt 0:05:03]} Bc3 {[%emt 0:13:19]} 25. Bxc3 {[%emt 0:01:00]} Nxc3 {[%emt 0:00:14]} 26. Bb7 {[%emt 0:00:04]} Rc7 {[%emt 0:00:15]} 27. Bxa6 {[%emt 0:00:04]} Nd4 {[%emt 0:00:34]} 28. Qg2 {[%emt 0:00:16]} Qc6 {[%emt 0:00:27]} 29. Qxc6 {[%emt 0:00:37]} Rxc6 {[%emt 0:00:04]} 30. Bb7 {[%emt 0:00:03]} Rc7 {[%emt 0:00:17]} 31. Be4 {[%emt 0:00:45]} Nde2+ {[%emt 0:00:39]} 32. Kf2 {[%emt 0:00:04]} Nxc1 {[%emt 0:00:14]} 33. Rxc1 {[%emt 0:00:04]} Nxe4+ {[%emt 0:00:05]} 34. dxe4 {[%emt 0:00:03]} Rd8 {[%emt 0:00:04]} 0-1

[Event "Croatian junior league 2021"]
[Site "Rabac"]
[Date "2021.04.10"]
[Round "9.20"]
[White "Hergotic, Mihael"]
[Black "Bedic, Noemi"]
[Result "1-0"]
[WhiteElo "1476"]
[BlackElo "1587"]
[Annotator "NA RC"]
[PlyCount "127"]
[EventDate "2021.04.06"]
[EventType "swiss"]
[EventCountry "CRO"]
[SourceTitle "playchess.com"]
[Source "ChessBase"]
[SourceQuality "1"]
[TimeControl "5400+30"]

1. e4 {[%emt 0:00:00]} e5 {[%emt 0:05:25]} 2. Nf3 {[%emt 0:00:47]} Nc6 {[%emt 0:00:06]} 3. Bc4 {[%emt 0:00:07]} Bc5 {[%emt 0:00:07]} 4. c3 {[%emt 0:01:12]} Nf6 {[%emt 0:00:33]} 5. d3 {[%emt 0:00:25]} d6 {[%emt 0:00:19]} 6. Bb3 {[%emt 0:00:37]} a6 {[%emt 0:00:45]} 7. Nbd2 {[%emt 0:01:43]} Ba7 {[%emt 0:00:13]} 8. h3 {[%emt 0:00:26]} h6 {[%emt 0:01:30]} 9. Nf1 {[%emt 0:00:21]} Ne7 {[%emt 0:03:36]} 10. g4 {[%emt 0:01:55]} g5 {[%emt 0:01:39]} 11. Ng3 {[%emt 0:00:27]} Ng6 {[%emt 0:05:17]} 12. Nf5 {[%emt 0:05:42]} Bxf5 {[%emt 0:03:39]} 13. gxf5 {[%emt 0:01:11]} Nf4 {[%emt 0:01:53]} 14. Bxf4 {[%emt 0:00:29]} gxf4 {[%emt 0:00:07]} 15. Rg1 {[%emt 0:00:33]} Rg8 {[%emt 0:01:49]} 16. Rxg8+ {[%emt 0:05:53]} Nxg8 {[%emt 0:00:10]} 17. Nh2 {[%emt 0:02:41]} Qh4 {[%emt 0:13:57]} 18. Qf3 {[%emt 0:02:48]} Nf6 {[%emt 0:00:24]} 19. Ke2 {[%emt 0:02:51]} Nh7 {[%emt 0:03:25]} 20. Rg1 {[%emt 0:14:28]} Ng5 {[%emt 0:01:47]} 21. Qg2 {[%emt 0:01:16]} Qxf2+ {[%emt 0:12:05]} 22. Qxf2 {[%emt 0:00:16]} Bxf2 {[%emt 0:00:06]} 23. Kxf2 {[%emt 0:01:46]} Nxh3+ {[%emt 0:00:43]} 24. Kg2 {[%emt 0:00:01]} Nxg1 {[%emt 0:00:11]} 25. Kxg1 {[%emt 0:00:01]} Ke7 {[%emt 0:00:20]} 26. Kf2 {[%emt 0:00:53]} Kf6 {[%emt 0:04:55]} 27. d4 {[%emt 0:01:36]} h5 {[%emt 0:03:41]} 28. Nf3 {[%emt 0:00:51]} Rh8 {[%emt 0:01:50]} 29. Nh4 {[%emt 0:00:59]} Rh7 {[%emt 0:00:54]} 30. Bd1 {[%emt 0:02:13]} c6 {[%emt 0:06:23]} 31. Bf3 {[%emt 0:00:41]} Kg5 {[%emt 0:00:49]} 32. Ng2 {[%emt 0:01:04]} h4 {[%emt 0:00:18]} 33. Kg1 {[%emt 0:00:52]} h3 {[%emt 0:01:40]} 34. Ne1 {[%emt 0:00:03]} h2+ {[%emt 0:02:13]} 35. Kh1 {[%emt 0:00:01]} f6 {[%emt 0:05:36]} 36. Bd1 {[%emt 0:01:16]} d5 {[%emt 0:03:11]} 37. Nf3+ {[%emt 0:03:48]} Kg4 {[%emt 0:01:23]} 38. exd5 {[%emt 0:03:51]} e4 {[%emt 0:02:49]} 39. Nd2+ {[%emt 0:00:50]} Kxf5 {[%emt 0:02:55]} 40. dxc6 {[%emt 0:00:02]} bxc6 {[%emt 0:04:43]} 41. Bc2 {[%emt 0:00:01]} Kg4 {[%emt 0:01:07]} 42. Nxe4 {[%emt 0:00:49]} Re7 {[%emt 0:02:31]} 43. Nxf6+ {[%emt 0:05:19]} Kg5 {[%emt 0:02:45]} 44. Ne4+ {[%emt 0:00:19]} Kg4 {[%emt 0:00:48]} 45. Kxh2 {[%emt 0:00:41]} Kf3 {[%emt 0:00:48]} 46. Kg1 {[%emt 0:01:45]} Rg7+ {[%emt 0:00:55]} 47. Kf1 {[%emt 0:00:03]} Rb7 {[%emt 0:00:28]} 48. Nd2+ {[%emt 0:00:01]} Kg3 {[%emt 0:00:19]} 49. b3 {[%emt 0:00:19]} Rb8 {[%emt 0:00:34]} 50. Be4 {[%emt 0:00:12]} Rc8 {[%emt 0:00:16]} 51. Ke2 {[%emt 0:00:16]} Re8 {[%emt 0:00:22]} 52. Kd3 {[%emt 0:00:39]} Re6 {[%emt 0:00:25]} 53. a4 {[%emt 0:01:10]} Kf2 {[%emt 0:00:32]} 54. Nc4 {[%emt 0:04:01]} Rh6 {[%emt 0:00:35]} 55. Ne5 {[%emt 0:01:28]} Rh3+ {[%emt 0:00:09]} 56. Kc4 {[%emt 0:00:20]} Ke2 {[%emt 0:01:16]} 57. Bxc6 {[%emt 0:01:00]} Kd2 {[%emt 0:00:16]} 58. Nf3+ {[%emt 0:00:28]} Ke3 {[%emt 0:00:24]} 59. Ne5 {[%emt 0:07:20]} Kd2 {[%emt 0:00:13]} 60. Bf3 {[%emt 0:01:10]} Ke3 {[%emt 0:00:23]} 61. Bg4 {[%emt 0:00:21]} Rh1 {[%emt 0:00:44]} 62. Kc5 {[%emt 0:01:26]} Rh8 {[%emt 0:01:06]} 63. b4 {[%emt 0:00:47]} Rc8+ {[%emt 0:00:06]} 64. Bxc8 {[%emt 0:00:07]} 1-0

[Event "Croatian junior league 2021"]
[Site "Rabac"]
[Date "2021.04.10"]
[Round "9.21"]
[White "Kovac, Petar"]
[Black "Damjanovic, Stjepan"]
[Result "1-0"]
[WhiteElo "2089"]
[BlackElo "1890"]
[Annotator "TA"]
[PlyCount "127"]
[EventDate "2021.04.06"]
[EventType "swiss"]
[EventCountry "CRO"]
[SourceTitle "playchess.com"]
[Source "ChessBase"]
[SourceQuality "1"]

{[%evp 21,127,58,71,51,89,97,109,89,110,114,116,76,72,76,115,53,62,55,75,56,62,35,20,0,156,-64,-66,-56,-23,-168,12,18,28,18,47,-40,59,64,91,77,81,54,54,54,54,54,59,41,91,91,91,91,91,59,87,72,72,72,102,72,152,110,132,117,151,60,60,61,123,130,184,172,358,360,353,305,322,336,324,311,479,478,620,594,644,697,667,649,682,622,569,543,489,487,1326,1285,29981,29982,29980,29980,29980,29981,29981,29981,29985,29986,29986,29984]} 1. d4 Nf6 2. c4 e6 3. Nf3 b6 4. g3 Bb7 5. Bg2 Be7 6. O-O O-O 7. Qc2 Be4 8. Qb3 d6 9. Nc3 Bb7 10. Qc2 Nbd7 11. e4 e5 12. h3 {E18: Queen's Indian: Old Main Line (4 g3 Bb7 5 Bg2 Be7 6 0-0 0-0 7 Nc3).} c5 13. d5 {[#]} Nh5 $146 ({Predecessor:} 13... Rb8 14. a4 Ne8 15. Kh1 Nc7 16. Nh2 a6 17. Rg1 Bc8 18. Bf1 Re8 19. f4 Bf6 20. f5 Bg5 21. Nf3 Bxc1 22. Rxc1 {½-½ (53) Thorbergsson,F-Torfason,J Iceland 1974}) 14. Ne1 {White is better.} g6 15. Bh6 Re8 16. Nd3 Ba6 17. Qa4 Bc8 18. Kh2 (18. g4 $16 Nhf6 19. f4) 18... Bf8 $14 19. Bd2 Be7 20. Rae1 a6 21. g4 Ng7 22. f4 f6 $2 {[#]} (22... b5 $11 23. cxb5 Nb6) 23. g5 $2 (23. f5 $1 $16) 23... fxg5 24. fxg5 Rf8 ({Reject} 24... Bxg5 25. Bxg5 Qxg5 26. Qc6 $11) 25. Nf2 {[#]} (25. h4 $11) 25... Nb8 $2 ({Don't play} 25... Bxg5 $6 26. Bxg5 Qxg5 27. Qc6 $11) (25... b5 $1 $19 {[%cal Rb5a4]} 26. cxb5 Bxg5 27. Bxg5 Qxg5) 26. h4 $36 {[%mdl 2048] Black is under pressure.} Nh5 $1 27. Ne2 Ra7 28. Nh1 (28. Qb3 $14) 28... Qd7 (28... h6 $15) 29. Qxd7 $14 Rxd7 30. Rxf8+ Bxf8 31. Bh3 {Strongly threatening Be6+.} Rc7 32. Bxc8 Rxc8 33. a4 Rc7 34. Rf1 Rf7 35. Rxf7 Kxf7 36. Nf2 Nd7 37. a5 Ke7 38. axb6 Nxb6 39. b3 Kd7 40. Ng4 Bg7 (40... Be7 $142) 41. Kg2 Ke7 42. Kf3 Bf8 43. Ng3 (43. Nc1 $16) 43... Nxg3 44. Kxg3 {[%mdl 4096] Endgame KBN-KBN} Bg7 {White now steadily converts the win.} ({Better is} 44... Nd7 $14) 45. Ba5 Nc8 (45... Nd7 $16) 46. Kf3 Kd7 $2 (46... Ke8 47. Ke2 Kf7) 47. Ke3 Ne7 48. Kd3 Ng8 49. Kc3 h5 50. Nf2 Bf8 (50... Nf6 $142 51. Kd2 (51. gxf6 Bxf6 52. Nd3 Bxh4 $18) 51... Ng4) 51. Nd3 $18 Ne7 52. b4 cxb4+ 53. Nxb4 Nc8 54. Nxa6 Be7 55. Kd3 Bf8 56. Nb8+ Ke7 57. Bc7 Na7 (57... Ke8 $142 58. Na6 Kd7) 58. Nc6+ Nxc6 59. dxc6 {KB-KB. White mates.} Ke6 60. Bd8 Bg7 61. Bf6 Bf8 62. Ke3 d5 63. exd5+ Kd6 {[#]} 64. Bxe5+ $1 {[%mdl 576] Promotion.  Weighted Error Value: White=0.28/Black=0.45} 1-0